Aprender a enseñar

Na minha lista:
Detalhes bibliográficos
Autor principal: Arends, Richard I (Author)
Formato: Livro
Idioma:espanhol
Publicado em: Ciudad de México McGraw Hill 2007
Edição:1a. ed
Assuntos:
Tags: Adicionar Tag
Sem tags, seja o primeiro a adicionar uma tag!

MARC

LEADER 00000nam a2200000 a 4500
001 UCI7559
003 CL-VaPUC
008 080710e20070000MX |||||||||||||||||spa|d
020 |a 9789701061343 
082 0 4 |a 371.102  |b ARE  |2 21 
100 0 |a Arends, Richard I  |e author  |9 530829 
245 1 0 |a Aprender a enseñar 
250 |a 1a. ed 
300 |a 517 p 
942 |c BK 
945 |d 20080710 00:00:00  |a rbrito 
260 |a Ciudad de México  |b McGraw Hill  |c 2007 
500 |a Incluye CD 
500 |a De la 7a.ed en inglés 
650 0 |a Pedagogía  |9 255351 
650 0 |a Aprendizaje   |9 254827 
650 0 |a Formación profesional de profesores  |9 307493 
650 0 |a Relación profesor-alumno  |9 525093 
650 0 |a Enseñanza  |9 256457 
650 0 |a Métodos de estudio  |9 260518 
583 |a last modification  |c 20170609 09:38:50  |k Rodrigo Vera 
999 |c 330804  |d 330802 
952 |0 0  |1 0  |4 0  |6 371_102000000000000_ARE_2007  |7 0  |8 A  |9 416627  |a BIBMAT  |b BIBMAT  |c E_DIDACT  |d 2019-11-22  |i 445667K  |o 371.102 ARE 2007  |p 445667K  |r 2025-01-07  |w 2019-11-22  |y BK  |k MAT 
952 |0 0  |1 0  |4 0  |6 371_102000000000000_ARE_2007  |7 0  |8 A  |9 416628  |a BIBMAT  |b BIBMAT  |c E_DIDACT  |d 2019-11-22  |i 4456688  |o 371.102 ARE 2007  |p 4456688  |r 2025-01-07  |w 2019-11-22  |y BK  |k MAT 
952 |0 0  |1 0  |4 0  |6 371_102000000000000_ARE_2007  |7 0  |8 A  |9 416629  |a BIBEDU  |b BIBEDU  |d 2019-11-22  |i 4493982  |l 1  |o 371.102 ARE 2007  |p 4493982  |r 2024-03-25  |s 2024-03-19  |w 2019-11-22  |y BK  |k EBA 
952 |0 0  |1 0  |4 0  |6 371_102000000000000_ARE_2007  |7 0  |8 A  |9 416630  |a BIBEDU  |b BIBEDU  |d 2019-11-22  |i 4613104  |l 3  |o 371.102 ARE 2007  |p 4613104  |r 2024-06-10  |s 2024-06-04  |w 2019-11-22  |y BK  |k EPE 
952 |0 0  |1 0  |4 0  |6 371_102000000000000_ARE_2007  |7 0  |8 A  |9 416631  |a BIBGIM  |b BIBGIM  |d 2019-11-22  |i 4628055  |l 1  |o 371.102 ARE 2007  |p 4628055  |r 2025-01-15  |s 2022-04-12  |w 2019-11-22  |y BK  |k COM